Sarh asmā al-uqqar (l'explication des noms de drogues) : Un glossaire de matière médicale /

محفوظ في:

المؤلف الرئيسي: Maimonides, Moses, 1135-1204 (مؤلف)

مؤلفون آخرون: Meyerhof, Max, 1874-1945.

التنسيق: كتاب

اللغة: French

منشور في: Le Caire : Imprimerie de l'Institut français d'archéologie orientale, 1940.

سلاسل: Memoires de l'Institut d'Egypte ; 41.
MIE ; 41.

الموضوعات:

الوسوم: إضافة وسم

لا توجد وسوم, كن أول من يضع وسما على هذه التسجيلة!

رقم الطلب: DT43 .I625 v.41

LEADER 01106namaa2200277 4500
001 18875
003 OSt
005 20260317092510.0
008 130303s1940 ua a 000 0 fre d
040 |c ARCE Library 
050 4 |a DT43 .I625 v.41 
100 1 |a Maimonides, Moses,  |d 1135-1204,  |e author  |9 35197 
245 1 0 |a Sarh asmā al-uqqar (l'explication des noms de drogues) :  |b Un glossaire de matière médicale /  |c composé par Maïmonide ; Texte publié pour la première fois d'après le manuscrit unique avec traduction, commentaires et index par Max Meyerhof. 
264 1 |a Le Caire :   |b Imprimerie de l'Institut français d'archéologie orientale,   |c 1940. 
300 |a lxxvi, 258, [69] pages :   |b illustrations ;   |c 28 cm. 
490 1 |a Memoires de l'Institut d'Egypte ;   |v 41. 
490 1 |a MIE ;   |v 41. 
650 0 |a Medicine, Arab. 
650 0 |a Jews  |x Medicine. 
650 0 |a Materia medica  |v Early works to 1800. 
700 1 |a Meyerhof, Max,  |d 1874-1945.  |9 35924 
830 0 |a Memoires de l'Institut d'Egypte ;   |v 41. 
830 0 |a MIE ;   |v 41. 
901 |a reviewed 
942 |c BK  |2 lcc 
999 |c 15941  |d 15941